[Event "Niederoesterreich Landesliga 0708"]
[Site "Austria"]
[Date "2008.03.30"]
[Round "11"]
[White "Rosenauer, Harald"]
[Black "Wagner, Stefan"]
[Result "1/2-1/2"]
[WhiteElo "1981"]
[BlackElo "2125"]
[PlyCount "59"]
[EventDate "2007.09.16"]
[EventType "team-tourn"]
[EventRounds "13"]
[EventCountry "AUT"]
[SourceTitle "EXT 2022"]
[Source "ChessBase"]
[SourceDate "2021.10.06"]
[SourceVersion "1"]
[SourceVersionDate "2021.10.06"]
[SourceQuality "1"]

1. Nc3 e5 2. e4 Nc6 3. g3 Nf6 4. Bg2 Bc5 5. Nf3 d6 6. d3 Bg4 7. Be3 Bb6 8. h3 Bh5 9. 0-0 Qd7 10. Kh2 h6 11. Qd2 g5 12. Nd5 Nxd5 13. exd5 Ne7 14. c4 Bxf3 15. Bxf3 Bxe3 16. fxe3 h5 17. d4 g4 18. Bg2 h4 19. gxh4 g3+ 20. Kxg3 Nf5+ 21. Kh2 Nxh4 22. dxe5 dxe5 23. d6 0-0-0 24. Qd5 Nxg2 25. Qxg2 Qxd6 26. Qg4+ Kb8 27. Rad1 Qb6 28. Rxd8+ Rxd8 29. Qe2 Qe6 30. b3 1/2-1/2

[Event "Niederoesterreich Landesliga 0607"]
[Site "Austria"]
[Date "2007.01.14"]
[Round "7"]
[White "Wiedner, Robert"]
[Black "Rosenauer, Harald"]
[Result "1/2-1/2"]
[WhiteElo "2143"]
[BlackElo "1997"]
[PlyCount "42"]
[EventDate "2006.09.17"]
[EventType "team-tourn"]
[EventRounds "11"]
[EventCountry "AUT"]
[SourceTitle "EXT 2022"]
[Source "ChessBase"]
[SourceDate "2021.10.06"]
[SourceVersion "1"]
[SourceVersionDate "2021.10.06"]
[SourceQuality "1"]

1. Nf3 Nf6 2. c4 g6 3. Nc3 Bg7 4. g3 0-0 5. Bg2 d6 6. d4 Nbd7 7. 0-0 c6 8. d5 cxd5 9. cxd5 a6 10. Be3 Qa5 11. a3 Ng4 12. Bd4 Nge5 13. Nd2 b5 14. Na2 Bb7 15. h3 Rfc8 16. Nb4 Qd8 17. b3 a5 18. Nc2 Nf6 19. Ne3 Ned7 20. Ne4 Nxe4 21. Bxe4 Nf6 1/2-1/2

[Event "Niederoesterreich Landesliga 0506"]
[Site "Austria"]
[Date "2006.03.05"]
[Round "11"]
[White "Rosenauer, Harald"]
[Black "Weinzettl, Ernst"]
[Result "0-1"]
[WhiteElo "1956"]
[BlackElo "2325"]
[PlyCount "56"]
[EventDate "2005.09.18"]
[EventType "team-tourn"]
[EventRounds "13"]
[EventCountry "AUT"]
[SourceTitle "EXT 2022"]
[Source "ChessBase"]
[SourceDate "2021.10.06"]
[SourceVersion "1"]
[SourceVersionDate "2021.10.06"]
[SourceQuality "1"]

1. Nf3 d5 2. c4 d4 3. g3 f6 4. Bg2 e5 5. d3 Ne7 6. b4 a5 7. b5 Nf5 8. a4 Bb4+ 9. Nfd2 Nd7 10. 0-0 0-0 11. Ne4 Nd6 12. Nxd6 Bxd6 13. e3 dxe3 14. fxe3 Nb6 15. d4 Bb4 16. c5 Nd5 17. dxe5 c6 18. bxc6 bxc6 19. exf6 Be6 20. fxg7 Rxf1+ 21. Qxf1 Bxc5 22. Bxd5 Qxd5 23. Na3 Rd8 24. Rb1 Qa2 25. Rb2 Qxa3 26. Rb8 Bxe3+ 27. Kg2 Qa2+ 28. Rb2 Qd5+ 0-1

[Event "Niederoesterreich Landesliga 0506"]
[Site "Austria"]
[Date "2005.11.13"]
[Round "5"]
[White "Cika, Agron"]
[Black "Rosenauer, Harald"]
[Result "1/2-1/2"]
[WhiteElo "1966"]
[BlackElo "1956"]
[PlyCount "45"]
[EventDate "2005.09.18"]
[EventType "team-tourn"]
[EventRounds "13"]
[EventCountry "AUT"]
[SourceTitle "EXT 2022"]
[Source "ChessBase"]
[SourceDate "2021.10.06"]
[SourceVersion "1"]
[SourceVersionDate "2021.10.06"]
[SourceQuality "1"]

1. d4 Nf6 2. Nf3 g6 3. c4 Bg7 4. Nc3 0-0 5. e4 d6 6. Be2 e5 7. d5 Nbd7 8. Be3 Nc5 9. Nd2 a5 10. 0-0 Ne8 11. Nb3 b6 12. f4 f5 13. Nxc5 bxc5 14. Qd2 Rb8 15. Bd3 exf4 16. Bxf4 fxe4 17. Bxe4 Ba6 18. Bd3 Nf6 19. Bg5 Qd7 20. Rae1 Rbe8 21. Rxe8 Rxe8 22. Re1 Rxe1+ 23. Qxe1 1/2-1/2

[Event "Niederoesterreich Landesliga 0304"]
[Site "Austria"]
[Date "2004.01.18"]
[Round "7"]
[White "Weninger, Robert"]
[Black "Rosenauer, Harald"]
[Result "1/2-1/2"]
[WhiteElo "2097"]
[BlackElo "1978"]
[PlyCount "56"]
[EventDate "2003.09.21"]
[EventType "team-tourn"]
[EventRounds "11"]
[EventCountry "AUT"]
[SourceTitle "EXT 2022"]
[Source "ChessBase"]
[SourceDate "2021.10.06"]
[SourceVersion "1"]
[SourceVersionDate "2021.10.06"]
[SourceQuality "1"]

1. d4 Nf6 2. Bg5 Ne4 3. h4 h6 4. Bf4 c5 5. Nd2 Nxd2 6. Qxd2 cxd4 7. Qxd4 Nc6 8. Qd2 e5 9. Bg3 Bc5 10. e3 0-0 11. Bc4 d6 12. Ne2 Kh8 13. 0-0-0 Qe7 14. h5 Be6 15. Bh4 f6 16. Bxe6 Qxe6 17. Nc3 Rfd8 18. Qd5 Qe7 19. g4 Rac8 20. Qe4 Qe6 21. Nd5 Ne7 22. Kb1 Nxd5 23. Rxd5 Rc6 24. Rhd1 a5 25. Qg6 Qe8 26. Qf5 Qf8 27. Qd3 Qe7 28. Qe4 Re8 1/2-1/2